[Event "25. Offene Herner Stadtmeisterschaft 2024"]
[Site "Herne-Sodingen"]
[Date "2024.03.11"]
[Round "6.24"]
[White "Klein, Andreas"]
[Black "Bunzel, Robert"]
[Result "1-0"]
[WhiteElo "1735"]
[BlackElo "1200"]
[PlyCount "27"]
[EventDate "2024.??.??"]
[WhiteTeam "SC Buer-Hassel 1919 e. V."]
[BlackTeam "SV Wattenscheid 1930 e"]

1. e4 c6 2. d4 d5 3. Nc3 e6 4. Nf3 Bb4 5. Bd3 Nd7 6. O-O Bxc3 7. bxc3 c5 8. exd5 exd5 9. Re1+ Ne7 10. Qe2 b6 11. Bb5 a6 12. Bc6 Ra7 13. Bf4 Bb7 14. Bc7 1-0

[Event "25. Offene Herner Stadtmeisterschaft 2024"]
[Site "Herne-Sodingen"]
[Date "2024.03.11"]
[Round "6.25"]
[White "Breimann, Tobias"]
[Black "Kasprowski, Henryk"]
[Result "0-1"]
[WhiteElo "1287"]
[BlackElo "1644"]
[PlyCount "39"]
[EventDate "2024.??.??"]
[WhiteTeam "SV Waltrop 1922 e. V."]
[BlackTeam "SV Wattenscheid 1930 e"]

1. e4 d5 2. exd5 Qxd5 3. Nc3 Qd6 4. d4 Nf6 5. Nf3 a6 6. a4 Nc6 7. Bc4 Bg4 8. h3 Bxf3 9. Qxf3 Qxd4 10. Bd3 O-O-O 11. Be3 Qb4 12. Rb1 e6 13. O-O Ne5 14. Qe2 Nxd3 15. cxd3 Be7 16. Rfc1 Rd7 17. Qc2 Nd5 18. Nxd5 exd5 19. Bf4 Qxf4 20. Qc3 0-1

[Event "25. Offene Herner Stadtmeisterschaft 2024"]
[Site "Herne-Sodingen"]
[Date "2024.03.11"]
[Round "6.26"]
[White "Pohl, Martin"]
[Black "Landwehr, Ingo"]
[Result "1-0"]
[WhiteElo "1632"]
[BlackElo "1504"]
[PlyCount "59"]
[EventDate "2024.??.??"]
[WhiteTeam "SV Unser Fritz Wanne-E"]
[BlackTeam "Bochumer SV 02"]

1. c4 e5 2. Nc3 c6 3. Nf3 d6 4. d3 f5 5. e3 Nf6 6. Be2 g6 7. b3 Bg7 8. Bb2 O-O 9. Qc2 a5 10. O-O Na6 11. a3 h6 12. Rad1 Qe7 13. Na4 b5 14. Nb6 Rb8 15. Nxc8 Rfxc8 16. Qd2 b4 17. a4 Nc5 18. Qc2 Ncd7 19. Rfe1 Rf8 20. Nd2 Rbc8 21. h3 d5 22. Qb1 Kh7 23. Nf3 Nh5 24. cxd5 cxd5 25. Rc1 Nc5 26. Bxe5 Bxe5 27. Nxe5 Nxa4 28. Nxg6 Rxc1 29. Nxf8+ Qxf8 30. Qxc1 1-0

[Event "25. Offene Herner Stadtmeisterschaft 2024"]
[Site "Herne-Sodingen"]
[Date "2024.03.11"]
[Round "6.27"]
[White "Grothuesmann, Heinz"]
[Black "Neumann, Frank"]
[Result "1-0"]
[WhiteElo "1622"]
[BlackElo "1398"]
[PlyCount "69"]
[EventDate "2024.??.??"]
[WhiteTeam "SC Recklinghausen Altsta"]
[BlackTeam "SV Waltrop 1922 e. V."]

1. e4 e5 2. Nf3 Nc6 3. Bc4 Bc5 4. c3 Nf6 5. d3 d6 6. Bg5 Bg4 7. Nbd2 Na5 8. Bb5+ c6 9. Ba4 b5 10. Bc2 O-O 11. b4 Nb7 12. bxc5 Nxc5 13. O-O h6 14. Bh4 g5 15. Bg3 Ncd7 16. Re1 Nh5 17. h3 Nxg3 18. fxg3 Bh5 19. Qe2 c5 20. Qe3 a5 21. h4 f6 22. hxg5 fxg5 23. Rf1 Nf6 24. Nh2 Qd7 25. Rf2 Ng4 26. Nxg4 Bxg4 27. Raf1 b4 28. cxb4 axb4 29. Bb3+ Kg7 30. Rxf8 Rxf8 31. Rxf8 Kxf8 32. Qf2+ Kg7 33. Nf1 Be6 34. Ne3 Bxb3 35. axb3 1-0

[Event "25. Offene Herner Stadtmeisterschaft 2024"]
[Site "Herne-Sodingen"]
[Date "2024.03.11"]
[Round "6.28"]
[White "Masoudi, Mohammadmahdi"]
[Black "Jähnicke, Karl-Heinz"]
[Result "0-1"]
[WhiteElo "1200"]
[BlackElo "1613"]
[PlyCount "150"]
[EventDate "2024.??.??"]
[WhiteTeam "Bochumer SV 02"]
[BlackTeam "SC Scharnhorst 2002"]

1. c4 Nf6 2. Nc3 e6 3. e4 Nc6 4. Nf3 d6 5. d4 Be7 6. g3 O-O 7. Bg2 Nd7 8. O-O Bf6 9. Be3 Re8 10. Ne1 Nb6 11. b3 e5 12. d5 Ne7 13. a4 a5 14. Bxb6 cxb6 15. Nc2 Bd7 16. Na3 Nc8 17. Nab5 Bxb5 18. cxb5 Ne7 19. Nb1 Rc8 20. Nd2 Rc5 21. Rc1 Bg5 22. Rxc5 bxc5 23. Nc4 b6 24. h4 Bh6 25. Bh3 g6 26. Qf3 Kg7 27. h5 Rf8 28. hxg6 hxg6 29. g4 Bf4 30. Qh1 Rh8 31. Rd1 Ng8 32. Qf3 g5 33. Kf1 Nf6 34. Kg2 Rh4 35. Rh1 Kg6 36. Kf1 Ne8 37. Ke2 f5 38. gxf5+ Kg7 39. Bg4 Rxh1 40. Qxh1 Nf6 41. f3 Bg3 42. Kd3 Bh4 43. Kc2 Kf7 44. Qg1 Ke7 45. b4 axb4 46. Qa1 Bf2 47. a5 Bd4 48. Qa2 Qh8 49. a6 Qh2+ 50. Kb3 Qh1 51. a7 Nxg4 52. Nxb6 c4+ 53. Kxc4 Qc1+ 54. Kxb4 Qc3+ 55. Ka4 Bxb6 56. a8=Q Qd4+ 57. Kb3 Ne3 58. f6+ Kf7 59. Qb7+ Kxf6 60. Qe2 Bc5 61. Qa6 Qb4+ 62. Ka2 Nc4 63. Qc2 Na3 64. Qc1 Nxb5 65. Qb2 Qc4+ 66. Kb1 Nc3+ 67. Qxc3 Qxc3 68. Qe2 Be3 69. Qc2 Qb4+ 70. Qb2 Qxb2+ 71. Kxb2 g4 72. fxg4 Kg5 73. Kc3 Kxg4 74. Kc4 Kf4 75. Kb5 Kxe4 0-1

[Event "25. Offene Herner Stadtmeisterschaft 2024"]
[Site "Herne-Sodingen"]
[Date "2024.03.11"]
[Round "6.30"]
[White "Lojack, Rouven"]
[Black "Franzel, Christian"]
[Result "0-1"]
[WhiteElo "1531"]
[BlackElo "1200"]
[PlyCount "138"]
[EventDate "2024.??.??"]
[WhiteTeam "SV Königsspringer Halt"]
[BlackTeam "SV Schwarz-Weiß Oberha"]

1. e4 d6 2. d4 Nf6 3. Nc3 g6 4. h3 Bg7 5. Nf3 O-O 6. Be3 Nbd7 7. Bc4 e5 8. d5 Nc5 9. Bxc5 dxc5 10. Qd3 Re8 11. O-O-O a6 12. a3 b5 13. Ba2 b4 14. axb4 cxb4 15. Na4 Qd6 16. Qc4 a5 17. Rhe1 Ba6 18. Qc5 Rab8 19. Qxd6 cxd6 20. Bb3 Rec8 21. Kb1 Bc4 22. Bxc4 Rxc4 23. Nd2 Rc7 24. b3 Bf8 25. Nc4 Ra7 26. g3 Nd7 27. f4 f6 28. Rf1 Kg7 29. fxe5 fxe5 30. Rf3 Nf6 31. Nd2 Rf7 32. Rdf1 h6 33. Nb2 Rbb7 34. Nbc4 Ra7 35. g4 a4 36. bxa4 Rxa4 37. Rb3 Rfa7 38. Kc1 Ra1+ 39. Rb1 Be7 40. Nb6 Rxb1+ 41. Kxb1 Rb7 42. Nbc4 Ne8 43. Nb3 Rc7 44. Nba5 Rc5 45. Kb2 Bd8 46. Nb7 Rxc4 47. Nxd8 Nf6 48. Ne6+ Kf7 49. g5 hxg5 50. Nxg5+ Ke7 51. Kb3 Rd4 52. Re1 Nd7 53. c4 Nc5+ 54. Ka2 Rxc4 55. Rf1 Nxe4 56. Rf7+ Ke8 57. Nxe4 Rxe4 58. Rf6 Ke7 59. Rxg6 Rh4 60. Rg3 Kd7 61. Kb3 Kc7 62. Rg4 Rxg4 63. hxg4 Kd7 64. Kxb4 Ke7 65. Kc3 Kf6 66. Kd3 Kg5 67. Ke3 Kxg4 68. Ke4 Kg5 69. Ke3 Kf5 0-1

[Event "25. Offene Herner Stadtmeisterschaft 2024"]
[Site "Herne-Sodingen"]
[Date "2024.03.11"]
[Round "6.31"]
[White "Mohammad, Othman"]
[Black "Krolik, Wilfried"]
[Result "0-1"]
[WhiteElo "1200"]
[BlackElo "1510"]
[PlyCount "116"]
[EventDate "2024.??.??"]
[WhiteTeam "SG Wanne"]
[BlackTeam "SV Waltrop 1922 e. V."]

1. e4 e5 2. Nc3 Nc6 3. Nf3 Nf6 4. Bc4 Nxe4 5. Qe2 Nxc3 6. dxc3 d6 7. Bf4 Be7 8. Bg3 O-O 9. O-O-O Bd7 10. Kb1 a6 11. Bd5 Qc8 12. Bc4 Be6 13. Bd3 f5 14. Bc4 h6 15. h4 Na5 16. Bxe6+ Qxe6 17. Bf4 Qf7 18. Bc1 b5 19. Rdg1 f4 20. g3 Qc4 21. Qd2 e4 22. Nd4 c5 23. gxf4 cxd4 24. f5 Rf6 25. cxd4 Nc6 26. c3 Qd3+ 27. Ka1 Qxd2 28. Bxd2 Kh7 29. Rg4 d5 30. Rhg1 Rf7 31. Rg6 Bf6 32. Rh1 Ne7 33. h5 Nxf5 34. Bf4 Ne7 35. Rhg1 Kh8 36. Bxh6 Nxg6 37. hxg6 Re7 38. Bf4 Re6 39. Rh1+ Kg8 40. Rh5 Rd8 41. Bc7 Rd7 42. Be5 Bxe5 43. dxe5 Rxg6 44. a3 Re6 45. Rf5 Rde7 46. f4 exf3 47. Rxf3 Rxe5 48. Ka2 a5 49. Kb3 Re3 50. Rf4 R7e4 51. Rf5 a4+ 52. Ka2 Rd3 53. Kb1 Re2 54. Kc1 Rdd2 55. Rg5 Rc2+ 56. Kd1 Red2+ 57. Ke1 Rxb2 58. Re5 Rh2 0-1

[Event "25. Offene Herner Stadtmeisterschaft 2024"]
[Site "Herne-Sodingen"]
[Date "2024.03.11"]
[Round "6.32"]
[White "Domnik, Roland"]
[Black "Koch, Burkhard"]
[Result "1-0"]
[WhiteElo "1640"]
[BlackElo "1613"]
[PlyCount "57"]
[EventDate "2024.??.??"]
[WhiteTeam "vereinslos"]
[BlackTeam "SG Wanne"]

1. d4 Nf6 2. c4 e6 3. a3 Be7 4. Nc3 d5 5. e3 O-O 6. Nf3 b6 7. Bd3 Ba6 8. cxd5 Bxd3 9. Qxd3 exd5 10. O-O c6 11. Bd2 Re8 12. Ne5 Bd6 13. f4 Qe7 14. Rac1 Qb7 15. Rf3 Nbd7 16. Nxc6 Qxc6 17. Nb5 Nc5 18. dxc5 bxc5 19. Nxd6 Qxd6 20. Bc3 Ne4 21. Rh3 Re7 22. Be5 Qc6 23. Bd4 c4 24. Qd1 Qb5 25. Qh5 f6 26. Qxh7+ Kf7 27. f5 Qb3 28. Qh5+ Kg8 29. Qh8+ 1-0

[Event "25. Offene Herner Stadtmeisterschaft 2024"]
[Site "Herne-Sodingen"]
[Date "2024.03.11"]
[Round "6.33"]
[White "Scheithauer, Ralf"]
[Black "von Blumenthal, Nikolaus"]
[Result "0-1"]
[WhiteElo "1376"]
[BlackElo "1498"]
[PlyCount "64"]
[EventDate "2024.??.??"]
[WhiteTeam "Bochumer SV 02"]
[BlackTeam "SV Zeppelin Herne e.V."]

1. e4 c5 2. Nf3 d6 3. d4 cxd4 4. Nxd4 Nf6 5. Nc3 g6 6. Be3 Bg7 7. Be2 b6 8. O-O O-O 9. Re1 Bb7 10. Bd3 Nc6 11. Nxc6 Bxc6 12. Bg5 Nd7 13. Qd2 Re8 14. Rab1 Ne5 15. Bb5 Bxb5 16. Nxb5 Qd7 17. Nc3 f6 18. Bf4 Nf7 19. Ne2 f5 20. Ng3 e5 21. Bg5 f4 22. Bxf4 exf4 23. Qxf4 Be5 24. Qe3 Bxg3 25. hxg3 Qa4 26. Qd3 Qxa2 27. f3 h5 28. Red1 Qa5 29. Kh1 Rac8 30. c3 Kg7 31. Qe2 d5 32. Rxd5 Qxd5 0-1

[Event "25. Offene Herner Stadtmeisterschaft 2024"]
[Site "Herne-Sodingen"]
[Date "2024.03.11"]
[Round "6.34"]
[White "Malessa, Uwe"]
[Black "Kümmel, Hans-Jürgen"]
[Result "1/2-1/2"]
[WhiteElo "1039"]
[BlackElo "1315"]
[PlyCount "140"]
[EventDate "2024.??.??"]
[WhiteTeam "SV Erkenschwick 1923 e"]
[BlackTeam "SV Günnigfeld 1922 e."]

1. Nf3 d5 2. d4 Nf6 3. c4 e6 4. e3 c6 5. a3 a5 6. Bd3 dxc4 7. Bxc4 Bd6 8. O-O O-O 9. Nc3 Nbd7 10. Re1 Re8 11. b3 Nf8 12. e4 Be7 13. h3 Ng6 14. Bg5 h6 15. Be3 b6 16. e5 Nd5 17. Nxd5 cxd5 18. Bb5 Bd7 19. Bd3 Rc8 20. a4 Qc7 21. Rc1 Qb7 22. Ra1 Bb4 23. Re2 Rc3 24. Bxg6 fxg6 25. Qb1 g5 26. h4 Be7 27. h5 Rf8 28. Nh2 Be8 29. g4 Qa6 30. Re1 Qd3 31. Qxd3 Rxd3 32. Rab1 Rc3 33. Bd2 Rc2 34. Nf1 Bd7 35. Kg2 Bb4 36. Red1 Bxd2 37. Nxd2 Rf4 38. Kg3 Rc3+ 39. f3 Rxd4 40. Rb2 Rf4 41. Rf1 b5 42. Nb1 Rc5 43. axb5 Bxb5 44. Rff2 Rc1 45. Na3 Bd7 46. Nc2 Rf8 47. b4 axb4 48. Nxb4 Rc4 49. Nc2 Rfc8 50. Na3 R4c5 51. Nc2 Kf8 52. Nd4 Ke8 53. Ne2 Rc2 54. Nd4 Rxf2 55. Kxf2 Rc4 56. Rb8+ Ke7 57. Ne2 Rc8 58. Rb6 Rc6 59. Rb7 Kd8 60. Nd4 Rc7 61. Rb6 Ke7 62. Kg3 Rc4 63. Ne2 Rc2 64. Nd4 Rc4 65. Nb5 Bxb5 66. Rxb5 Rc7 67. f4 Rc3+ 68. Kf2 gxf4 69. Rb7+ Kf8 70. Rb8+ Kf7 1/2-1/2

[Event "25. Offene Herner Stadtmeisterschaft 2024"]
[Site "Herne-Sodingen"]
[Date "2024.03.11"]
[Round "6.35"]
[White "Dimitriadis, Elias"]
[Black "Wickenfeld, Udo"]
[Result "1-0"]
[WhiteElo "1265"]
[BlackElo "1200"]
[PlyCount "57"]
[EventDate "2024.??.??"]
[WhiteTeam "SV Waltrop 1922 e. V."]
[BlackTeam "SC Recklinghausen Altsta"]

1. e4 c5 2. Nf3 d6 3. d4 cxd4 4. Nxd4 e5 5. Nb3 Nf6 6. Nc3 a6 7. Be3 Nc6 8. Be2 Be7 9. Qd2 O-O 10. f3 Be6 11. Nd5 Bxd5 12. exd5 Nb8 13. h4 Nbd7 14. g4 h5 15. g5 Nh7 16. O-O-O g6 17. f4 exf4 18. Bxf4 Qc7 19. c3 b5 20. Kb1 Nc5 21. Nd4 Nb7 22. Qc2 Rfe8 23. Rdg1 Nf8 24. Bxh5 gxh5 25. g6 Nxg6 26. Rxg6+ fxg6 27. Qxg6+ Kh8 28. Qh6+ Kg8 29. Rg1+ 1-0

[Event "25. Offene Herner Stadtmeisterschaft 2024"]
[Site "Herne-Sodingen"]
[Date "2024.03.11"]
[Round "6.36"]
[White "Griese, Andreas"]
[Black "Muschal, Holger"]
[Result "1-0"]
[WhiteElo "1259"]
[BlackElo "1200"]
[PlyCount "101"]
[EventDate "2024.??.??"]
[WhiteTeam "SC Scharnhorst 2002"]
[BlackTeam "SV Waltrop 1922 e. V."]

1. c4 e5 2. Nc3 Bc5 3. g3 a6 4. Bg2 Nf6 5. d3 d6 6. Bg5 h6 7. Be3 Bxe3 8. fxe3 Ng4 9. Qd2 Nc6 10. Nf3 Nb4 11. a3 Nc6 12. O-O Be6 13. b4 Ne7 14. e4 c6 15. h3 Nf6 16. Rac1 Qb6+ 17. Kh2 c5 18. Nd5 Nfxd5 19. cxd5 Bd7 20. bxc5 dxc5 21. Nxe5 f6 22. Nxd7 Kxd7 23. Qc3 Rhc8 24. h4 a5 25. Bh3+ Kd8 26. Bxc8 Rxc8 27. Rb1 Qa7 28. a4 Ng6 29. Rfc1 b6 30. Qb3 Kc7 31. Qb5 Kb7 32. Rb2 Ne5 33. Rxc5 Rxc5 34. Qxc5 Nd7 35. Qc6+ Ka6 36. Qb5+ Kb7 37. Qxd7+ Ka6 38. Qxa7+ Kxa7 39. d6 Kb7 40. Rc2 b5 41. d7 b4 42. d8=Q b3 43. Rb2 Kc6 44. Rxb3 Kc5 45. Rb5+ Kc6 46. Qd5+ Kc7 47. Qb7+ Kd6 48. Rxa5 g5 49. Qb6+ Ke7 50. Ra7+ Kf8 51. Qb8# 1-0

[Event "25. Offene Herner Stadtmeisterschaft 2024"]
[Site "Herne-Sodingen"]
[Date "2024.03.11"]
[Round "6.37"]
[White "Meiler, Wolfgang"]
[Black "Suberski, Lukas"]
[Result "0-1"]
[WhiteElo "1163"]
[BlackElo "1157"]
[PlyCount "68"]
[EventDate "2024.??.??"]
[WhiteTeam "Bochumer SV 02"]
[BlackTeam "SV Unser Fritz Wanne-E"]

1. d4 Nf6 2. c4 c5 3. e3 cxd4 4. exd4 g6 5. Nf3 Bg7 6. Bd3 O-O 7. O-O d6 8. Be3 Bg4 9. Nbd2 d5 10. b3 Nc6 11. h3 Nb4 12. Be2 Bf5 13. Bf4 Ne4 14. Ne5 Nc3 15. Qe1 Nc2 16. Rc1 Nxe1 17. Rfxe1 Nxe2+ 18. Rxe2 Rc8 19. c5 Bxe5 20. Bxe5 Rc6 21. Rce1 e6 22. b4 a6 23. Nf3 Bd3 24. Re3 Be4 25. Nd2 f5 26. Bd6 Rxd6 27. cxd6 Qxd6 28. a3 Rc8 29. Nb3 b6 30. g3 Rc2 31. h4 f4 32. gxf4 Qxf4 33. Rf1 Qxh4 34. f3 Qh2# 0-1

[Event "25. Offene Herner Stadtmeisterschaft 2024"]
[Site "Herne-Sodingen"]
[Date "2024.03.18"]
[Round "7.1"]
[White "Trzaska, Peter"]
[Black "Koscielski, Janusz"]
[Result "0-1"]
[WhiteElo "2029"]
[BlackElo "2230"]
[PlyCount "44"]
[EventDate "2024.??.??"]
[WhiteTeam "SV Erkenschwick 1923 e"]
[BlackTeam "SV Wattenscheid 1930 e"]

1. e4 c5 2. c3 d5 3. exd5 Qxd5 4. d4 Nf6 5. Nf3 Bg4 6. Be2 e6 7. Be3 cxd4 8. Qxd4 Nc6 9. Qa4 Bc5 10. Bxc5 Qxc5 11. Nbd2 O-O 12. Qb5 Qe7 13. h3 Bh5 14. Qg5 h6 15. Qh4 Rad8 16. g4 Bg6 17. O-O-O Qc5 18. Nb3 Nb4 19. Bd3 Nxa2+ 20. Kc2 Nb4+ 21. Kb1 Rxd3 22. Nxc5 Rxd1# 0-1

[Event "25. Offene Herner Stadtmeisterschaft 2024"]
[Site "Herne-Sodingen"]
[Date "2024.03.18"]
[Round "7.2"]
[White "Werrn, Pascal"]
[Black "Hahn, Matthias"]
[Result "0-1"]
[WhiteElo "2132"]
[BlackElo "2122"]
[PlyCount "64"]
[EventDate "2024.??.??"]
[WhiteTeam "SK Sodingen/Castrop 24/23 e. V."]
[BlackTeam "SV Bochum-Linden-Dahlh"]

1. Nf3 d5 2. e3 Nf6 3. c4 e6 4. Nc3 b6 5. cxd5 exd5 6. b3 Bb7 7. Bb2 Nbd7 8. Rc1 a6 9. Ne2 c5 10. d4 g6 11. a3 Bg7 12. Nf4 O-O 13. Bd3 Qe7 14. O-O Rfd8 15. Qe2 Ne4 16. dxc5 bxc5 17. Rfd1 Nef6 18. Qe1 Qd6 19. Bc3 a5 20. a4 Re8 21. Bb5 Re7 22. Qf1 Qc7 23. Bb2 Qb6 24. Bc3 Qc7 25. Bd4 Qd6 26. Bb2 Qb6 27. Ba3 Rc8 28. Nd3 Ne4 29. Bxd7 Rxd7 30. Nf4 Qxb3 31. Rd3 Qxa4 32. Rb1 c4 0-1

[Event "25. Offene Herner Stadtmeisterschaft 2024"]
[Site "Herne-Sodingen"]
[Date "2024.03.18"]
[Round "7.3"]
[White "Kiese, Matthias"]
[Black "Waldschmidt, Georg"]
[Result "1/2-1/2"]
[WhiteElo "2120"]
[BlackElo "2090"]
[PlyCount "64"]
[EventDate "2024.??.??"]
[WhiteTeam "Bochumer SV 02"]
[BlackTeam "SK Sodingen/Castrop 24/23 e. V."]

1. d4 d5 2. Nf3 Nf6 3. c4 e6 4. Nc3 Be7 5. Bg5 h6 6. Bh4 O-O 7. e3 b6 8. Rc1 Bb7 9. cxd5 Nxd5 10. Nxd5 Bxd5 11. Bxe7 Qxe7 12. Be2 c5 13. dxc5 Rd8 14. Qc2 Rc8 15. O-O Nd7 16. b4 a5 17. e4 Bb7 18. Bb5 axb4 19. c6 Ba6 20. Bxa6 Rxa6 21. Qe2 Nb8 22. Qb5 Rxa2 23. Qxb6 Ra6 24. Qb5 Raxc6 25. Rxc6 Nxc6 26. Rc1 Na7 27. Rxc8+ Nxc8 28. h4 Kh7 29. e5 Na7 30. Qb6 Nc8 31. Qb5 Na7 32. Qb6 Nc8 1/2-1/2

[Event "25. Offene Herner Stadtmeisterschaft 2024"]
[Site "Herne-Sodingen"]
[Date "2024.03.18"]
[Round "7.4"]
[White "Rath, Michael"]
[Black "Morawietz, Manuel"]
[Result "0-1"]
[WhiteElo "1673"]
[BlackElo "1991"]
[PlyCount "32"]
[EventDate "2024.??.??"]
[WhiteTeam "SV Königsspringer Halt"]
[BlackTeam "SV Unna 1924"]

1. d4 Nf6 2. Nf3 g6 3. Bf4 Bg7 4. e3 c5 5. c4 O-O 6. Nc3 cxd4 7. Nxd4 d6 8. Bg3 Qb6 9. Qb3 Qxb3 10. axb3 Na6 11. Be2 Nb4 12. O-O Bg4 13. f3 Bd7 14. Rfd1 a6 15. f4 Ng4 16. e4 Bxd4+ 0-1

[Event "25. Offene Herner Stadtmeisterschaft 2024"]
[Site "Herne-Sodingen"]
[Date "2024.03.18"]
[Round "7.5"]
[White "Meier, Jan"]
[Black "Quast, Marcel"]
[Result "1/2-1/2"]
[WhiteElo "1781"]
[BlackElo "2156"]
[PlyCount "72"]
[EventDate "2024.??.??"]
[WhiteTeam "SV Waltrop 1922 e. V."]
[BlackTeam "SC Gerthe 46 - Werne"]

1. d4 Nf6 2. Bg5 e6 3. e4 Be7 4. e5 Nd5 5. Bxe7 Qxe7 6. c4 Nb6 7. Nc3 d6 8. exd6 cxd6 9. Nf3 O-O 10. Be2 N8d7 11. O-O Nf6 12. a4 e5 13. a5 Nbd7 14. Re1 Rd8 15. Qb1 Nf8 16. b4 Bg4 17. Ng5 Bxe2 18. Rxe2 Qc7 19. dxe5 dxe5 20. Qb3 Rd3 21. Rae1 h6 22. Nge4 Nxe4 23. Rxe4 Ng6 24. c5 Rad8 25. Qc4 a6 26. Ne2 Qc6 27. f4 Qd5 28. Qxd5 R8xd5 29. fxe5 Rxe5 30. Rxe5 Nxe5 31. Nf4 Rd4 32. Rxe5 Rxf4 33. Re8+ Kh7 34. c6 bxc6 35. Rb8 Rc4 36. Rb6 c5 1/2-1/2

[Event "25. Offene Herner Stadtmeisterschaft 2024"]
[Site "Herne-Sodingen"]
[Date "2024.03.18"]
[Round "7.6"]
[White "Rohloff, Markus"]
[Black "Lang, Daniel"]
[Result "1/2-1/2"]
[WhiteElo "1896"]
[BlackElo "2098"]
[PlyCount "20"]
[EventDate "2024.??.??"]
[WhiteTeam "SV Rot-Weiß-Altenessen"]
[BlackTeam "SV Wattenscheid 1930 e"]

1. e4 c6 2. d4 d5 3. Nc3 dxe4 4. Nxe4 Bf5 5. Ng3 Bg6 6. Nf3 Nd7 7. Bc4 e6 8. O-O Be7 9. c3 Qc7 10. Re1 Ngf6 1/2-1/2

[Event "25. Offene Herner Stadtmeisterschaft 2024"]
[Site "Herne-Sodingen"]
[Date "2024.03.18"]
[Round "7.7"]
[White "Callenberg, Ralf"]
[Black "Löffelbein, Klaus"]
[Result "1-0"]
[WhiteElo "2008"]
[BlackElo "1758"]
[PlyCount "49"]
[EventDate "2024.??.??"]
[WhiteTeam "Recklinghäuser SV Süd/"]
[BlackTeam "SC Gerthe 46 - Werne"]

1. c4 Nf6 2. g3 e5 3. Bg2 d5 4. cxd5 Nxd5 5. Nc3 Nb6 6. Nf3 Nc6 7. O-O Be7 8. d3 O-O 9. a3 Be6 10. b4 f6 11. Bb2 Qc8 12. Re1 Rd8 13. Qc2 Bf8 14. Rac1 Qd7 15. Ne4 Rac8 16. h4 Qf7 17. Ned2 Bd6 18. b5 Na5 19. d4 Nb3 20. dxe5 Nxd2 21. Nxd2 fxe5 22. Bxb7 Rb8 23. Be4 g6 24. Nf3 Nc4 25. Ng5 1-0

[Event "25. Offene Herner Stadtmeisterschaft 2024"]
[Site "Herne-Sodingen"]
[Date "2024.03.18"]
[Round "7.8"]
[White "Wiese, Thomas"]
[Black "Melmer, Felix"]
[Result "0-1"]
[WhiteElo "1699"]
[BlackElo "1969"]
[PlyCount "27"]
[EventDate "2024.??.??"]
[WhiteTeam "SV Kamen 1930"]
[BlackTeam "SC Gerthe 46 - Werne"]

1. e4 c5 2. Nf3 Nc6 3. d4 cxd4 4. Nxd4 Nf6 5. Nc3 e5 6. Ndb5 d6 7. Bg5 a6 8. Na3 b5 9. Nd5 Be7 10. Bxf6 Bxf6 11. c3 O-O 12. Nc2 Rb8 13. Be2 Kh8 14. a3 0-1

[Event "25. Offene Herner Stadtmeisterschaft 2024"]
[Site "Herne-Sodingen"]
[Date "2024.03.18"]
[Round "7.9"]
[White "Wiechen, Ulrich"]
[Black "Winzbeck, Frank"]
[Result "1/2-1/2"]
[WhiteElo "1923"]
[BlackElo "1850"]
[PlyCount "70"]
[EventDate "2024.??.??"]
[WhiteTeam "SC Buer-Hassel 1919 e. V."]
[BlackTeam "SC Buer-Hassel 1919 e. V."]

1. e4 c5 2. Nf3 d6 3. d4 cxd4 4. Nxd4 Nf6 5. Nc3 Nc6 6. Bg5 e6 7. Be2 Be7 8. Qd2 a6 9. O-O Qc7 10. a4 h6 11. Be3 Ne5 12. a5 Bd7 13. h3 Nc4 14. Bxc4 Qxc4 15. b3 Qc7 16. g4 Rc8 17. Nde2 Bc6 18. Bb6 Qd7 19. Ng3 Bd8 20. Rad1 Bxb6 21. axb6 Rd8 22. Rfe1 O-O 23. Qf4 Qe7 24. Rd3 Rd7 25. Red1 Rfd8 26. Nf1 e5 27. Qe3 d5 28. exd5 Bxd5 29. Ng3 Bc6 30. Nf5 Qe6 31. Rxd7 Rxd7 32. Re1 Nd5 33. Nxd5 Qxd5 34. f3 f6 35. Kf2 Kf7 1/2-1/2

[Event "25. Offene Herner Stadtmeisterschaft 2024"]
[Site "Herne-Sodingen"]
[Date "2024.03.18"]
[Round "7.10"]
[White "Bautz, Volker"]
[Black "Hammerich, Simon"]
[Result "0-1"]
[WhiteElo "1784"]
[BlackElo "2052"]
[PlyCount "58"]
[EventDate "2024.??.??"]
[WhiteTeam "Bochumer SV 02"]
[BlackTeam "SC Buer-Hassel 1919 e. V."]

1. d4 Nf6 2. Nc3 d5 3. Bg5 c5 4. Nf3 Nc6 5. e3 Bg4 6. Be2 e6 7. O-O Be7 8. Ne5 Bxe2 9. Qxe2 cxd4 10. Nxc6 bxc6 11. exd4 O-O 12. Qd3 c5 13. Bxf6 Bxf6 14. dxc5 Rb8 15. Rab1 Qa5 16. c6 Rfc8 17. Qg3 g6 18. Qf4 Bxc3 19. bxc3 Rxb1 20. Rxb1 Qxa2 21. Qc1 Rxc6 22. Rb8+ Kg7 23. h4 h5 24. Qf4 Qa1+ 25. Kh2 Qxc3 26. g3 e5 27. Qa4 Qxc2 28. Qxa7 d4 29. Kg1 Rf6 0-1

[Event "25. Offene Herner Stadtmeisterschaft 2024"]
[Site "Herne-Sodingen"]
[Date "2024.03.18"]
[Round "7.11"]
[White "Hielscher, Klaus-Peter"]
[Black "Ribbeheger, Edgar"]
[Result "1-0"]
[WhiteElo "1780"]
[BlackElo "1971"]
[PlyCount "77"]
[EventDate "2024.??.??"]
[WhiteTeam "SV Wattenscheid 1930 e"]
[BlackTeam "SK Sodingen/Castrop 24/23 e. V."]

1. c4 e5 2. g3 Nc6 3. Bg2 Nf6 4. Nc3 Bc5 5. e3 O-O 6. Nge2 Re8 7. O-O d6 8. d4 Bb6 9. Na4 Bg4 10. f3 Bd7 11. Nxb6 axb6 12. d5 Nb4 13. Nc3 Qe7 14. a3 Na6 15. Rb1 e4 16. b4 exf3 17. Bxf3 h5 18. Rb2 Qe5 19. Qd4 Bh3 20. Bg2 Bxg2 21. Kxg2 Ng4 22. Re2 Qxd4 23. exd4 Rxe2+ 24. Nxe2 Re8 25. Nf4 g6 26. h3 Ne3+ 27. Bxe3 Rxe3 28. Rf3 Re4 29. Rd3 Re1 30. Rc3 Re4 31. Rd3 Kg7 32. Kf3 Re1 33. Rc3 Kh6 34. h4 g5 35. hxg5+ Kxg5 36. Rc2 Rf1+ 37. Kg2 Ra1 38. Rc3 Kg4 39. Nh3 1-0

[Event "25. Offene Herner Stadtmeisterschaft 2024"]
[Site "Herne-Sodingen"]
[Date "2024.03.18"]
[Round "7.12"]
[White "Boxberg, Olaf"]
[Black "Winterkamp, Sascha"]
[Result "1/2-1/2"]
[WhiteElo "1746"]
[BlackElo "1925"]
[PlyCount "23"]
[EventDate "2024.??.??"]
[WhiteTeam "SV Datteln 1924"]
[BlackTeam "SK Sodingen/Castrop 24/23 e. V."]

1. e4 c5 2. Nf3 d6 3. d3 Nc6 4. g3 g6 5. Bg2 Bg7 6. c3 Bg4 7. h3 Bd7 8. O-O Qc8 9. Kh2 h5 10. d4 h4 11. g4 Nf6 12. e5 1/2-1/2

[Event "25. Offene Herner Stadtmeisterschaft 2024"]
[Site "Herne-Sodingen"]
[Date "2024.03.18"]
[Round "7.13"]
[White "Klüting, Reiner"]
[Black "Gregoritsch, Dirk"]
[Result "1/2-1/2"]
[WhiteElo "1861"]
[BlackElo "1766"]
[PlyCount "20"]
[EventDate "2024.??.??"]
[WhiteTeam "SV Wattenscheid 1930 e"]
[BlackTeam "SV Unser Fritz Wanne-E"]

1. Nc3 d5 2. e4 dxe4 3. Nxe4 Nf6 4. Nxf6+ gxf6 5. d4 Bf5 6. Qf3 Qc8 7. Bf4 Qe6+ 8. Qe3 c6 9. Qxe6 fxe6 10. O-O-O Rg8 1/2-1/2

[Event "25. Offene Herner Stadtmeisterschaft 2024"]
[Site "Herne-Sodingen"]
[Date "2024.03.18"]
[Round "7.14"]
[White "Schmidt, Ralph"]
[Black "Müller-Kreth, Kai"]
[Result "1-0"]
[WhiteElo "1825"]
[BlackElo "1754"]
[PlyCount "66"]
[EventDate "2024.??.??"]
[WhiteTeam "SV Bochum-Linden-Dahlh"]
[BlackTeam "SK Sodingen/Castrop 24/23 e. V."]

1. e4 c5 2. Nc3 Nc6 3. d3 d6 4. Be3 Nf6 5. d4 cxd4 6. Bxd4 Nxd4 7. Qxd4 e6 8. e5 dxe5 9. Bb5+ Bd7 10. Qxe5 a6 11. Bxd7+ Qxd7 12. Rd1 Qc6 13. Nf3 Bb4 14. O-O Bxc3 15. bxc3 O-O 16. Rd3 Rac8 17. Nd2 Qa4 18. Rg3 Ne8 19. Ne4 Qxa2 20. c4 g6 21. Ng5 Ng7 22. Ne4 Qxc2 23. Rh3 f5 24. Nf6+ Rxf6 25. Qxf6 Qxc4 26. Rd1 Rf8 27. Qe7 Qc8 28. Rhd3 Re8 29. Rd8 Qc6 30. g3 h5 31. R1d7 Qxd7 32. Qxd7 Rxd8 33. Qxd8+ Kh7 1-0